Регионална библиотека "Любен Каравелов" - Русе

Закон за счетоводството | Закон за независимия финансов одит (Запис номер 98309)

MARC детайли
000 -Лидер
Контролно поле с фиксирана дължина 01896nam a2200361 c 4500
003 - Код на организацията, давaща контролен номер
Контролно поле BLK
005 - Дата и час на последна редакция
Контролно поле 20180420225841.0
008 - Елементи от данни с фиксирана дължина
fixed length control field 180409b bul|||||r ||||||| ||bul||
010 ## - Наследен системен номер
LC control number KNG00103248000
020 ## - Международен стандартен номер на книга ISBN
Международен стандартен номер на книга ISBN 954-464-120-3
-- издат.: ФорКом
040 ## - Източник на каталожния запис
Идентификатор на билиотеката - собственик на записа BLK
041 ## - Код за език
Код за езика на текст/звукозапис или на отделно заглавие Български
Код за езика КДБФ Български
Други езици Английски
080 ## - УДК
Текстов определител УДК Обществени финанси. Финансово законодателство. Подразделя се със знака за съотношение и индекса 336. 12
УДК код - определител по УДК 351.72
УДК определител :657(497.2)(094.5)
УДК - код + определител 351.72:657(497.2)(094.5)
080 ## - УДК
Текстов определител УДК Обществени финанси. Финансово законодателство. Подразделя се със знака за съотношение и индекса 336. 12
УДК код - определител по УДК 351.72
УДК определител :336.126(497.2)(094.5)
УДК - код + определител 351.72:336.126(497.2)(094.5)
110 1# - Редна дума - колетивен орган
Редна дума - наименование на организация или юридическо лице България. Закони и др. п.
9 (RLIN) 243213
139 ## - Редно поле
Редна дума България. Закони и др. п.
Авторски знак Бъл - Б 92
245 10 - Сведения за заглавието
Заглавие Закон за счетоводството
Подзаглавни данни Обнар. ДВ, бр. 98 от 16.11.2001 г. в сила от 1.01.2002 г.
245 10 - Сведения за заглавието
Заглавие Закон за независимия финансов одит
Подзаглавни данни Обнар. ДВ, бр. 101 от 23.11.2000 г., в сила от 1.01.2002
Редно поле (дума)
257 ## - Страна на издаване
Страна на създаване/издаване България
260 ## - Област на издателските данни
-- София
Име на издателя, разпространителя и проч. ФорКом
Година на издаване 2001
Печатница София : Полиграфюг
300 ## - Физическа характеристика
Страници 64 с.
Размери/Мащаб 20 см
380 ## - Жанр
Жанр Обществени науки
500 ## - Общи забележки
Забележка Парал. текст на англ. ез.
650 #4 - Допълнително описание по предмет – тема
Основно описание – тема или топоним Счетоводна отчетност - България - закони
9 (RLIN) 251904
650 #4 - Допълнително описание по предмет – тема
Основно описание – тема или топоним Финансов контрол - България - нормативни актове
9 (RLIN) 250736
653 ## - Ключова дума – ненормативна
Ключова дума счетоводство
653 ## - Ключова дума – ненормативна
Ключова дума финансов одит
852 ## - Местоположение
Форматна сигнатура Цб 212754
856 4# - Електронен адрес и достъп
Електронен формат pdf - файл
Път до файла /url/
856 4# - Електронен адрес и достъп
Електронен формат pdf - файл
Път до файла /url/
942 ## - АРТИКУЛИ
Вид на библиотечния материал Книги
Скрит в OPAC Не
944 ## - СЪЗДАВАНЕ И РЕДАКЦИЯ на ЗАПИСА
Създаване/Редакция Създаване
Дата на регистрацията/редакция 01.01.2001
Служител, извършил регистрацията/редакцията Людмила_Стоянова
944 ## - СЪЗДАВАНЕ И РЕДАКЦИЯ на ЗАПИСА
Създаване/Редакция Редакция
Дата на регистрацията/редакция 13.06.2005
Служител, извършил регистрацията/редакцията
999 ## - СИСТЕМНИ КОНТРОЛНИ НОМЕРА
Koha biblionumber 98309
Koha biblioitemnumber 98309
Наличности
Код за отписване Код за изгубен артикул Код за повреда Коз за рестрикции Код за отдаване Артикулен № Име на библиотеката - собственик Име на библиотеката, в която се намира в момента Статус (Текущо местоположение) Дата на вписване в системата Местоположение - отдел Цена в лева Инвентарен номер Систематично азбучна сигнатура Баркод Номер на екземпляра Цена в евро Служебна бележка Служебен тип на артикула
  Не е изгубен Не е повреден без рестрикции ползва се в читалня 158179 Регионална библиотека "Любен Каравелов" Русе Регионална библиотека "Любен Каравелов" Русе Хранилище 2002-10-02 Хранилище 4.00 120000672587 Цб 212754 120000672587 1 2.05 Дост: Dp Вид: Д N: 9 Дата: 19.02.2002 Книги
Изтеглен Не е изгубен Не е повреден без рестрикции заемане за дома 158180 Регионална библиотека "Любен Каравелов" Русе Регионална библиотека "Любен Каравелов" Русе Заемна - подръчен фонд 2004-07-12 Заемна - подръчен фонд 4.00 120000686912 П 351/Б 92 120000686912 2 2.05 Дост: Dp Вид: Д N: 37 Дата: 03.09.2003 Дата инв: 07.02.2018 Бележки инв: П2018 Книги
Vip Innovations Ltd, Rousse, Bulgaria 2025